|
|
|
|
| LEADER |
00835nam a2200265Ia 4500 |
| 008 |
141004s9999 xx 000 0 und d |
| 020 |
|
|
|a 8189422448
|
| 040 |
|
|
|c a
|
| 041 |
|
|
|a English
|
| 082 |
|
|
|a 633.83
|
| 082 |
|
|
|b NYB/SP
|
| 100 |
|
|
|a EV Nybe
|
| 100 |
|
|
|a Raj N Mini
|
| 245 |
|
|
|a Spices : Horticulture science series Vol.5
|
| 245 |
|
|
|c EV Nybe
|
| 250 |
|
|
|a 1st
|
| 260 |
|
|
|a New Delhi
|
| 260 |
|
|
|b New India publishing agency
|
| 260 |
|
|
|c 2007
|
| 365 |
|
|
|a 1910
|
| 501 |
|
|
|a cof
|
| 650 |
|
|
|a spices, Major spices, Tree spices, seed spices, Herbal spices, other spices
|
| 942 |
|
|
|c BK
|
| 999 |
|
|
|c 174615
|d 174615
|
| 952 |
|
|
|0 0
|1 0
|4 0
|6 633_830000000000000_NYB_SP
|7 0
|9 179596
|a KAUCOF
|b KAUCOF
|d 2041-06-08
|g 1910.00
|l 1
|m 1
|o 633.83 NYB/SP
|p KAU_COF-5450
|r 2015-03-04
|s 2015-02-04
|w 2014-10-04
|y BK
|